Medios sin fin (Record no. 183096)

MARC details
000 -LEADER
campo de control de longitud fija 00773nam a2200229 i 4500
001 - NÚMERO DE CONTROL
campo de control 183096
003 - IDENTIFICADOR DE NÚMERO DE CONTROL
campo de control ES-MaACL
005 - FECHA Y HORA DE LA ÚLTIMA TRANSACCIÓN
campo de control 20250805062554.0
008 - DATOS DE LONGITUD FIJA--INFORMACIÓN GENERAL
campo de control de longitud fija 140115s2001 sp | |||| ||spa d
020 ## - NÚMERO INTERNACIONAL ESTÁNDAR DEL LIBRO
Número Internacional Estándar del Libro 84-8191-358-8
080 ## - NÚMERO DE LA CLASIFICACIÓN DECIMAL UNIVERSAL
Número de la Clasificación Decimal Universal 321.01
100 0# - ENTRADA PRINCIPAL--NOMBRE DE PERSONA
Nombre de persona Agamben, Giorgio,
Fechas asociadas al nombre 1942-
9 (RLIN) 18528
245 10 - MENCIÓN DEL TÍTULO
Título Medios sin fin
Resto del título : notas sobre la política /
Mención de responsabilidad, etc. Giorgio Agamben ; traducción de Antonio Gimeno Cuspinera.
260 ## - PUBLICACIÓN, DISTRIBUCIÓN, ETC.
Lugar de publicación, distribución, etc. Valencia :
Nombre del editor, distribuidor, etc. Pre-Textos,
Fecha de publicación, distribución, etc. [2001]
300 ## - DESCRIPCIÓN FÍSICA
Extensión 121 p. ;
Dimensiones 19 cm.
490 1# - MENCIÓN DE SERIE
Mención de serie Pre-Textos ;
Designación de volumen o secuencia 493.
Mención de serie Ensayo
650 #4 - PUNTO DE ACCESO ADICIONAL DE MATERIA--TÉRMINO DE MATERIA
Término de materia o nombre geográfico como elemento de entrada Política-
Subdivisión general Filosofía
9 (RLIN) 16274
700 0# - ENTRADA AGREGADA--NOMBRE PERSONAL
Nombre de persona Gimeno Cuspinera, Antonio.
9 (RLIN) 57088
830 0# - PUNTO DE ACCESO ADICIONAL DE SERIE-TÍTULO UNIFORME
Título uniforme Pre-Textos ;
Designación de volumen o secuencia 493.
Título uniforme Ensayo
9 (RLIN) 179721
852 ## - LOCALIZACIÓN
Ubicación ES-MaACL
Número de control de estantería L-29927
Nota libre .- Donat. Miguel A. Velasco
Holdings
Estatus retirado Estado de pérdida Estado de daño No para préstamo Biblioteca de origen Biblioteca actual Ubicación en estantería Fecha de adquisición Fuente de adquisición Total de préstamos Signatura topográfica completa Código de barras Visto por última vez Precio de reemplazo Tipo de ítem Koha
        Biblioteca del Ateneo de Madrid Biblioteca del Ateneo de Madrid Depósito 2 15/01/2014     L-29927 1192435 23/02/2023 23/02/2023 Libro impreso